| 000 | 00537nam a2200217Ia 4500 | ||
|---|---|---|---|
| 003 | OSt | ||
| 005 | 20220928103054.0 | ||
| 006 | a|||||r|||| 00| 0 | ||
| 007 | ta | ||
| 008 | 220927b |||||||| |||| 00| 0 san d | ||
| 024 | _a138452 | ||
| 037 | _cTextual | ||
| 040 |
_aSDCL _cSDCL _bsan |
||
| 041 |
_2san _asan |
||
| 082 | _aR68,6, J0 | ||
| 245 | 0 | _aShripanchratangita. | |
| 260 |
_aMumbai _bSatyabhamabai Pandurang _c1950 |
||
| 300 |
_a196p. _ccm. |
||
| 942 |
_hR68,6, J0 _cTEXL _2CC |
||
| 999 |
_c717917 _d717917 |
||